Slownik terminologii prawniczej polsko-angielska

Gespeichert in:
Bibliographische Detailangaben
1. Verfasser: Ozga, Ewa
Format: Buch
Sprache:Polnisch
Englisch
Veröffentlicht: Bydgoszcz Oficyna Wydawnicza BRANTA 1999
Ausgabe:2. wyd. rozs.
Schlagworte:
Tags: Tag hinzufügen
Keine Tags, Fügen Sie das erste Tag hinzu!

MARC

LEADER 00000nam a2200000 4500
001 c120138
005 20221221084752.0
020 |a 83-86605-49-9 
041 0 |a pol 
041 0 |a eng 
044 |a PL 
245 1 0 |a Slownik terminologii prawniczej  |b polsko-angielska  |c Ewa Ozga 
250 |a 2. wyd. rozs. 
264 1 |a Bydgoszcz  |b Oficyna Wydawnicza BRANTA  |c 1999 
300 |a 518 s. 
610 2 0 |a právo 
610 2 0 |a terminológia 
610 2 0 |a jazykoveda 
610 2 0 |a jazyky cudzie 
100 1 |a Ozga, Ewa